000 01019nam a2200289 i 4500
001 000044620
003 DO-SdBNP
005 20250408113911.0
007 ta
008 141209s2014 dr 000 0 spa d
020 _a9789945492354
040 _aDO-SdBNP
_bspa
_cBNPHU
_erda
082 4 _axxxx
_bxxxx
_222
100 1 _aChevalier, Reynaldo Paulino,
_d1965-
_eautor
_4aut.
_qChevalier, Nan
_952562
245 1 3 _aEl domador de fieras y otros nanorrelatos /
_cReynaldo Paulino Chevalier (Nan) ; presentación Basilio Belliard.
264 4 _aSanto Domingo :
_bEditora Nacional,
_c©2014.
300 _a110 páginas ;
_c23 cm.
336 _atexto
_btxt
_2rdacontent
337 _asin mediación
_bn
_2rdamedia
338 _avolumen
_bnc
_2rdacarrier
500 _aIncluye datos biográficos del autor en las solapas
504 _aBibliografía : páginas 23
586 _aPremio III Concurso Nacional Minificción
590 _aInventariado, 2025/BT
700 1 _aBelliard, Basilio,
_d1966-
_923510
942 _2ddc
_cLBS1
999 _c44109
_d44109